000 01157nam a2200241Ia 4500
999 _c56351
_d56351
001 23464
003 GE_BSU
005 20260127212408.0
008 181216s1963||||ge |||||||||||||| ||geo||
040 _cGE_BSU
041 _ageo
080 _a94(37/38)(075.8) ს-26
100 _aსანიკიძე, ლ.
_9476
245 _aანტიკური ქვეყნების ისტორია : პუნიკური ომების ეპოქა :
_b დამხმ. სახელმძღვ. სტუდ-თვის /
_c ლ. სანიკიძე ; რედ. ნ. ლომოური.
264 _aთბილისი :
_bცოდნა,
_c1963.
300 _a231გვ. :
_bილ. ;
_c22 სმ.
541 _h0,74
653 _aანტიკური ქვეყნების ისტორია
653 _aანტიკური ქვეყნების ისტორია : პუნიკური ომების ეპოქა
653 _aპუნიკური ომები
700 _aლომოური, ნ.
_eრედაქტორი
_926745
942 _cBK
_2udc